• 首页
  • 本馆介绍
  • 公告通知
  • 最新文献
  • 馆藏检索
  • 电子资源
  • 读者导购
  • 参考咨询
  • 我的图书馆
  • 登录
  • 详细信息显示
  • 放入我的书架
  • 预约/预借图书
  • 作者相关作品
  • 分类相关作品
  • 丛书相关作品
  • 出版社相关作品

书目信息

  • 表格格式
  • 工作单格式
  • 卡片格式
题名:
数字通信
    
 
作者: 普罗科斯 , 萨利希 著 ;张力军 , 张宗橙 , 宋荣方 译
分册:  
出版信息: 北京   电子工业出版社  2019
页数: 836页
开本: 26cm
丛书名: 国外电子与通信教材系列
单 册:
中图分类: TN914.3
科图分类:
主题词: 数字通信--shu zi tong xin--教材
电子资源:
ISBN: 978-7-121-35579-0
000 01691nam 2200409 45
001 012001005234
005 20191213102327.42
010    @a978-7-121-35579-0@dCNY168.00
099    @aCAL 012019008979
100    @a20190118d2019 em y0chiy50 ea
101 1  @achi@ceng
102    @aCN@b110000
105    @aak a 000yy
106    @ar
200 1  @a数字通信@Ashu zi tong xin@d= Digital communications@f(美) John G. Proakis, Masoud Salehi著@g张力军 ... [等] 译@zeng
205    @a第3版
210    @a北京@c电子工业出版社@d2019
215    @a 836页@c图@d26cm
225 2  @a国外电子与通信教材系列@Aguo wai dian zi yu tong xin jiao cai xi lie
304    @a译者还有:张宗橙、宋荣方、曹士坷
305    @a据原书第5版译出
306    @a由麦格劳-希尔(亚洲)教育出版公司和电子工业出版社合作出版
314    @a责任者Proakis规范汉译姓: 普罗科; 斯责任Salehi者规范汉译姓: 萨利希
320    @a有书目 (第804-836页)
330    @a本书采用信号空间、随机过程的级数展开和等效低通等分析方法,根据佳接收准则,先后讨论并分析了在加性高斯白噪声(AWGN)信道、带限信道(有符号间干扰和加性噪声)和多径衰落信道三种基本的典型信道条件下的数字信号可靠高效传输及佳接收问题等内容。
410  0 @12001 @a国外电子与通信教材系列
461  0 @12001 @a国外电子与通信教材系列
500 10 @aDigital communications@mChinese
606 0  @a数字通信@Ashu zi tong xin@j教材
690    @aTN914.3@v5
701  1 @a普罗科斯@Apu luo ke si@g(Proakis, John G.)@4著
701  1 @a萨利希@Asa li xi@g(Salehi, Masoud)@4著
702  0 @a张力军@Azhang li jun@4译
702  0 @a张宗橙@Azhang zong cheng@4译
702  0 @a宋荣方@Asong rong fang@4译
801  0 @aCN@b江苏凤凰@c20191020
905    @b1207771-3@dTN914.3@e218=3@f3
    
    数字通信= Digital communications/(美) John G. Proakis, Masoud Salehi著/张力军 ... [等] 译.-第3版.-北京:电子工业出版社,2019
     836页:图;26cm.-(国外电子与通信教材系列)
    
    
    ISBN 978-7-121-35579-0:CNY168.00
    本书采用信号空间、随机过程的级数展开和等效低通等分析方法,根据佳接收准则,先后讨论并分析了在加性高斯白噪声(AWGN)信道、带限信道(有符号间干扰和加性噪声)和多径衰落信道三种基本的典型信道条件下的数字信号可靠高效传输及佳接收问题等内容。
●
相关链接 在E读中查询图书 在五车中查询图书 在当当中查询图书 在豆瓣中查询图书


正题名:数字通信     索取号:TN914.3/218=3         预约/预借

序号 登录号 条形码 馆藏地/架位号 状态 备注
1 1207771   212077713   第二样本阅览室/ [索取号:TN914.3/218=3] 在馆    
2 1207772   212077722   第三借阅区/ [索取号:TN914.3/218=3] 在馆    
3 1207773   212077731   第三借阅区/ [索取号:TN914.3/218=3] 在馆    
唐山师范学院图书馆 欢迎您!
大连网信软件有限公司© 版权所有